000 00571nam a22001817a 4500
005 20171016152232.0
010 _aENG-121005
020 _c200.00
035 _aEN-104537
037 _bDBAD/PUB
082 _a230.35092
100 _aSai, Vasantha
245 _aI without i /
_cby Vasantha Sai
260 _aTamil Nadu
_bSri Vasanthasai Books & publications trust
_c2009
270 _aRoyapalayam Village B.O. Tirumangalam S.O. Madurai-Virudhunagar Road
_bTamil Nadu
_e625706
300 _aiii,313p.
_c22cm(pbk)
942 _2ddc
_cEN
_h230.35092
_mSAI
999 _c146682
_d146682